000 00514nam a2200181Ia 4500
001 7716
005 20260306160515.0
008 260306t2012||||xx |||||||||||||| ||spa||
041 _aESP
082 _a354.4
_bO78A
100 _aOrganismo Supervisor de la Inversión en Energía y Minería
_eAUT
245 0 _aEl aporte de Osinergmin a la investigación sobre la problemática del sector energético y minero
260 _c2012
300 _a
_c
650 _aGEN
654 _aCIA
942 _cLIB
_dJUS
_fJUS
_2ddc
_n
999 _c7716
_d7716